000
00239nmm a2200085Ia 4500
008
220120s9999||||xx |||||||||||||||||und||
100
_a
Digit
245
0
_a
Windows to technical preview desktop enhancement pack, space
260
_a
Nine dot Nine
999
_c
139935
_d
139935